000 02340cam a22005174i 4500
003 PE-LiUPU
005 20250731180120.0
008 150623s r 000 0 d
020 _a9706860401
035 _a(Sirsi) i9789706860408
040 _aPE-LiUPU
_bspa
_cPE-LiUPU
_erda
049 _aPRUA
082 0 4 _a512.5
_bG66
_221
100 1 _aGolubitsky, Martín,
_eautor.
245 1 0 _aÁlgebra lineal y ecuaciones diferenciales, con uso de MATLAB /
_cMartín Golubitsky.
264 1 _aMéxico, DF :
_bThomson,
_c2001.
300 _a564 páginas :
_bilustraciones diagrámas tablas, cuadros ;
_c25 centímetros
336 _atext
_2rdacontent
337 _aunmediated
_2rdamedia
338 _avolume
_2rdacarrier
505 0 _aSolución de ecuaciones lineales. -Matrices y linealidad. - Solución de ecuaciones diferenciales ordinarias. - Espacios vectoriales. - Soluciones en forma cerrada para ecuaciones diferenciales ordinarias planares. -Teoría cualitativa de las ecuaciones diferenciales ordinarias planares. - Determinantes y eigenvalores. - Mapeos lineales y cambios de coordenadas. -Ortogonalidad. Sistemas autónomos planares no lineales. - Matrices en formas normales. - Sistemas de dimensión más alta. - Ecuaciones diferenciales lineales. - Transformadas de Laplace. -Otras técnicas para resolver ecuaciones diferenciales ordinarias. - Soluciones numéricas de ecuaciones diferenciales ordinarias.
526 _aSEG44
526 _aSEG26
526 _aP159
526 _aP155
526 _aP154
526 _aP153
526 _aP150
526 _aP100
526 _aP31
526 _aP30
526 _aP26
526 _aP25
526 _aP24
526 _aP22
526 _aP15
526 _aP10
650 1 4 _aÁlgebra lineal
_xEjercicios en computadora.
650 2 4 _aEcuaciones diferenciales
_xEjercicios en computadora.
942 _2ddc
_cBOOK
949 _a512.5 G66
_wDEWEY
_c1
_i54204
_lCCODEBUL1
_mBUL
_p34.00
_r0
_sY
_tBOOK
_u2015-6-24
_xINGENIERIA
_zUNKNOWN
_0COMPRA
_o.STAFF. Colección General
994 _aC0
_bPEPRU
596 _a1
999 _a512.5 G66
_wDEWEY
_c33905
_i54204
_d33905
_f2021-11-9
_g7
_lCCODEBUL1
_mBUL
_p34.00
_q3
_r0
_sY
_tBOOK
_u2015-6-24
_xINGENIERIA
_zUNKNOWN
_0COMPRA
_o.STAFF. Colección General
980 _81
_gALBERTO SANCHEZ Responsable de Automatización